Examen del lenguaje: aplicación y valoración
Guardat en:
| Autor principal: | |
|---|---|
| Format: | Llibre |
| Idioma: | espanyol |
| Publicat: |
Santiago
C.P.E.I.P
1996
|
| Matèries: | |
| Etiquetes: |
Afegir etiqueta
Sense etiquetes, Sigues el primer a etiquetar aquest registre!
|
MARC
| LEADER | 00000cam a2200000 a 4500 | ||
|---|---|---|---|
| 001 | UCP5088 | ||
| 003 | CL-VaPUC | ||
| 008 | 990827e19960000CL |||||||||||||||||spa|d | ||
| 082 | 0 | 4 | |a 371.914 |b OLE |2 21 |
| 100 | |a Olea G., Ricardo |e autor |9 326142 | ||
| 245 | 1 | 0 | |a Examen del lenguaje: aplicación y valoración |
| 300 | |a 24 p | ||
| 942 | |c BK | ||
| 945 | |d 19990827 00:00:00 |a cmena | ||
| 260 | |a Santiago |b C.P.E.I.P |c 1996 | ||
| 500 | |a Suplemento Especial de la Revista el Niño Limitado | ||
| 650 | 0 | |a Educación especial |9 307486 | |
| 650 | 7 | |a TRASTORNO DEL HABLA EN NINOS |2 CL-VaPUC |9 329636 | |
| 583 | |a last modification |c 20130503 01:23:50 |k Rodrigo Vera | ||
| 999 | |c 282913 |d 282911 | ||
| 952 | |0 0 |1 0 |4 0 |6 371_914000000000000_OLE_1996 |7 0 |8 R |9 325525 |a BIBEDU |b BIBEDU |c MCIRC |d 2019-11-20 |i 3490653 |o 371.914 OLE 1996 |p 3490653 |r 2023-01-13 |w 2019-11-20 |y BK_R |k PSI | ||
| 952 | |0 0 |1 0 |4 0 |6 371_914000000000000_OLE_1996 |7 0 |8 R |9 325526 |a BIBEDU |b BIBEDU |d 2019-11-20 |i 3490645 |o 371.914 OLE 1996 |p 3490645 |r 2023-01-13 |w 2019-11-20 |y BK_R |k PSI | ||
| 952 | |0 0 |1 0 |4 0 |6 371_914000000000000_OLE_1996 |7 0 |8 R |9 325527 |a BIBEDU |b BIBEDU |c MCIRC |d 2019-11-20 |i 3490637 |o 371.914 OLE 1996 |p 3490637 |r 2023-01-13 |w 2019-11-20 |y BK_R |k PSI | ||
| 952 | |0 0 |1 0 |4 0 |6 371_914000000000000_OLE_1996 |7 0 |8 R |9 325528 |a BIBEDU |b BIBEDU |c MCIRC |d 2019-11-20 |i 4523474 |o 371.914 OLE 1996 |p 4523474 |r 2023-01-13 |w 2019-11-20 |y BK_R |k EDI | ||
| 952 | |0 0 |1 0 |4 0 |6 371_914000000000000_OLE_1996 |7 0 |8 R |9 325529 |a BIBEDU |b BIBEDU |c MCIRC |d 2019-11-20 |i 4970349 |o 371.914 OLE 1996 |p 4970349 |r 2023-01-13 |w 2019-11-20 |y BK_R |k EPE | ||